=LDR 00000nam 2200000 4500 =001 INLIS000000000026145 =005 20130612124613 =008 ***********************************Ind** =035 ##$$0010-061300000026145 =041 ##$$a Ind =082 ##$$a 2x9.21 =090 ##$$a 2x9.21, Asw k =100 ##$$a Aswara, Subagdjo =245 ##$$a Sahabat rasullullah SAW Kahlifah Abu Bakar Shiddiq, Subagjo Aswara =260 ##$$a 1996 $b Bandung =300 ##$$a 31 hlm, ilus, 28 cm =650 ##$$a Cerita Nabi =850 ##$$a NBPNMAT